000 00807nam a22002897a 4500
001 BR7400049
003 BR-BrBNA
005 20230928084455.0
007 ta
008 230509b bl.||||| |||| 00| 0 por d
040 _aBR-BrBNA
_bpor
_cBiblioteca Nacional de Agricultura
041 _a(Por)
072 _aE70
_b9910
_b2120
090 _ 9910 BR7400049
100 1 _aQueiroz, H. de S.
111 1 _a2. Conferencia Internacional do Cafe
_cSao Paulo, SP (Brazil)
_d17 May 1931
245 1 _a2. Conferencia Internacional do Cafe. Actas [Consumo; Exportacao; Preco]
260 3 _a[nd](Brasil):
_c1931.
300 _a160 p.
650 _aComercializacao
650 _aCafe
650 _aConsumo
650 _aExportacao
650 _aPreco
909 _a202309
_bLucia
_c55
_dLucia Elande
942 _cBK
999 _c19193
_d19193